书目信息 |
| 题名: |
干部群众关心的25个理论问题
|
|
| 作者: | ;中共中央宣传部理论局 编 | |
| 分册: | ||
| 出版信息: | 北京 学习出版社 2003 |
|
| 页数: | 196页 | |
| 开本: | 20cm | |
| 丛书名: | ||
| 单 册: | ||
| 中图分类: | D261 , A849 | |
| 科图分类: | ||
| 主题词: | 邓小平理论--学习参考资料 , "三个代表"思想--学习参考资料 | |
| 电子资源: | ||
| ISBN: | 7-80116-375-3 | |
| 000 | 00716nam0 2200205 450 | |
| 001 | 0739867678 | |
| 005 | 20070719195156.87 | |
| 010 | @a7-80116-375-3@dCNY11.00 | |
| 100 | @a20070704d2003 km y0chiy0120 ea | |
| 101 | 0 | @achi |
| 200 | 1 | @a干部群众关心的25个理论问题@Agan bu qun zhong guan xin de 25 ge li lun wen ti@f中共中央宣传部理论局编@Fzhong gong zhong yang xuan chuan bu li lun ju bian |
| 210 | @a北京@c学习出版社@d2003 | |
| 215 | @a196页@d20cm | |
| 606 | 0 | @a邓小平理论@x学习参考资料 |
| 606 | 0 | @a"三个代表"思想@x学习参考资料 |
| 690 | @aD261@v3 | |
| 690 | @aA849@v3 | |
| 711 | 02 | @a中共中央宣传部理论局@Azhong gong zhong yang xuan chuan bu li lun ju@4编 |
| 801 | 0 | @aCN@bPFT@c20070719 |
| 905 | @a10447@dA849@e47 | |
| 干部群众关心的25个理论问题/中共中央宣传部理论局编.-北京:学习出版社,2003 |
| 196页;20cm |
| ISBN 7-80116-375-3:CNY11.00 |
| ● |
| 相关链接 |
|
|
|
|
正题名:干部群众关心的25个理论问题
索取号:A849/47
 
预约/预借
| 序号 | 登录号 | 条形码 | 馆藏地/架位号 | 状态 | 备注 |
| 1 | 0765319 | 207653190 | 密集书库/ [索取号:A849/47] | 在馆 | |
| 2 | 0765320 | 207653207 | 第一样本阅览室/ [索取号:A849/47] | 在馆 | |
| 3 | 0765615 | 207656151 | 密集书库/ [索取号:A849/47] | 在馆 | |
| 4 | 0768377 | 207683773 | 密集书库/ [索取号:A849/47] | 在馆 | |
| 5 | 0769471 | 207694716 | 密集书库/ [索取号:A849/47] | 在馆 |